| Tag |
First Indicator |
Second Indicator |
Subfields |
| LEADER |
00000cam a2200000 i 4500 |
| 001 |
in00003430516 |
| 005 |
20151206091854.0 |
| 008 |
130208s2014 nyu d 000 1 eng |
| 010 |
|
|
|a 2013002236
|
| 019 |
|
|
|a 840464290
|
| 020 |
|
|
|a 9780385740579 (hbk.)
|
| 020 |
|
|
|a 0385740573 (hbk.)
|
| 020 |
|
|
|z 9780375899430 (ebook)
|
| 020 |
|
|
|a 9780375989551 (glb)
|
| 020 |
|
|
|a 0375989552 (glb)
|
| 035 |
|
|
|a (OCoLC)ocn827198402
|
| 035 |
|
|
|a (OCoLC)827198402
|
| 040 |
|
|
|a DLC
|b eng
|e rda
|c DLC
|d IG#
|d YDXCP
|d BTCTA
|d BDX
|d IEP
|d JAG
|d OCLCO
|d ILC
|d UtOrBLW
|
| 043 |
|
|
|a n-us-ma
|
| 049 |
|
|
|a TXAM
|
| 050 |
0 |
0 |
|a PZ7.H8583
|b And 2014
|
| 082 |
0 |
0 |
|a [Fic]
|2 23
|
| 100 |
1 |
|
|a Hubbard, Jenny.
|
| 245 |
1 |
0 |
|a And we stay /
|c Jenny Hubbard.
|
| 250 |
|
|
|a First edition.
|
| 264 |
|
1 |
|a New York :
|b Delacorte Press,
|c [2014]
|
| 300 |
|
|
|a 224 pages ;
|c 22 cm
|
| 336 |
|
|
|a text
|b txt
|2 rdacontent
|
| 337 |
|
|
|a unmediated
|b n
|2 rdamedia
|
| 338 |
|
|
|a volume
|b nc
|2 rdacarrier
|
| 520 |
|
|
|a Sent to an Amherst, Massachusetts, boarding school after her ex-boyfriend shoots himself, seventeen-year-old Emily expresses herself through poetry as she relives their relationship, copes with her guilt, and d begins to heal.
|
| 650 |
|
0 |
|a Boarding schools
|v Juvenile fiction.
|
| 650 |
|
0 |
|a High schools
|v Juvenile fiction.
|
| 650 |
|
0 |
|a Schools
|v Juvenile fiction.
|
| 650 |
|
0 |
|a Suicide
|v Juvenile fiction.
|
| 650 |
|
0 |
|a Interpersonal relations
|v Juvenile fiction.
|
| 650 |
|
0 |
|a Poetry
|v Juvenile fiction.
|
| 651 |
|
0 |
|a Amherst (Mass.)
|v Juvenile fiction.
|
| 650 |
|
1 |
|a Boarding schools
|v Fiction.
|
| 650 |
|
1 |
|a High schools
|v Fiction.
|
| 650 |
|
1 |
|a Schools
|v Fiction.
|
| 650 |
|
1 |
|a Suicide
|v Fiction.
|
| 650 |
|
1 |
|a Interpersonal relations
|v Fiction.
|
| 650 |
|
1 |
|a Poetry
|v Fiction.
|
| 651 |
|
1 |
|a Amherst (Mass.)
|v Fiction.
|
| 650 |
|
0 |
|a Novels in verse.
|
| 655 |
|
0 |
|a Young adult fiction.
|
| 938 |
|
|
|a Ingram
|b INGR
|n 9780385740579
|
| 938 |
|
|
|a YBP Library Services
|b YANK
|n 10580556
|
| 938 |
|
|
|a Baker and Taylor
|b BTCP
|n BK0013192940
|
| 938 |
|
|
|a Brodart
|b BROD
|n 104517204
|
| 947 |
|
|
|a A14839890421
|
| 945 |
|
|
|a PromptCat
|b 635049
|
| 946 |
|
|
|a curr
|
| 994 |
|
|
|a 92
|b TXA
|
| 948 |
|
|
|a Cataloged
|b h
|c 2014/2/13
|d c
|e Dhernandez
|
| 999 |
|
|
|a MARS
|
| 999 |
f |
f |
|s ba6a01a7-f78e-3971-bae8-3e3b6522569e
|i 5a178b48-d4d2-39f0-8220-9a54e368a6ea
|t 0
|
| 952 |
f |
f |
|p normal
|a Texas A&M University
|b College Station
|c Sterling C. Evans Library
|d Evans: Curriculum Collection (4th floor)
|t 0
|e PZ7.H8583 And 2014
|h Library of Congress classification
|i unmediated -- volume
|m A14839890421
|
| 998 |
f |
f |
|a PZ7.H8583 And 2014
|t 0
|l Evans: Curriculum Collection (4th floor)
|